000 00633nmm a2200193Ia 4500
008 251105s9999||||xx |||||||||||||||||und||
020 _a9788427719064
041 _aspa
100 _aEscribano González, Alicia
245 0 _aInclusión educativa y profesorado inclusivo : Aprender juntos para aprender a vivir juntos
264 _a[Madrid, España] :
_bNarcea Ediciones,
_c2013
300 _a149 páginas
490 _aEducación hoy estudios
650 _aEducation
700 _aEscribano González, Alicia
700 1 _a Martínez Cano, Amparo
856 _uhttps://public.digitaliapublishing.com/a/29024
942 _cCF
999 _c65126
_d65126